000 00324nam a22000857a 4500
008 220331b ||||| |||| 00| 0 eng d
100 _aBrown, Gardner L, Cohn, Ernst M and Walske, Steven
245 _aNew Studies of the Transport of Mails in Wartime France 1870-71
650 _aFrance 1870-71 | Wartime France | Mail Transportation
999 _c3362
_d3362